Normal view
MARC view
- Izhar, Ruba
Entry Personal Name
001 - CONTROL NUMBER
- control field: 125309
003 - CONTROL NUMBER IDENTIFIER
- control field: NUST
005 - DATE AND TIME OF LATEST TRANSACTION
- control field: 20240823121029.0
008 - FIXED-LENGTH DATA ELEMENTS
- fixed length control field: 240823|| aca||aabn | a|a d
040 ## - CATALOGING SOURCE
- Original cataloging agency: NUST
- Transcribing agency: NUST
100 ## - HEADING--PERSONAL NAME
- Personal name: Izhar, Ruba
670 ## - SOURCE DATA FOUND
- Source citation: Work cat.: (NUST): Izhar, Ruba, Relationship between Spousal Bereavement and Cognitive Functioning in old age; Mediatory role of Depression and Social Rhythms/
